[Event "14th OIBM"]
[Site "Bad Wiessee GER"]
[Date "2010.10.30"]
[Round "1.15"]
[White "Gorse,G"]
[Black "Eingorn,V"]
[Result "0-1"]
[WhiteElo "1991"]
[BlackElo "2562"]

1.c4 e5 2.g3 c6 3.d4 exd4 4.Qxd4 d5 5.cxd5 cxd5 6.Bg2 Nf6 7.Nf3 Nc6 8.Qd1 Bc5
9.O-O h6 10.Nbd2 O-O 11.Nb3 Bb6 12.Nbd4 Re8 13.e3 Bg4 14.h3 Bh5 15.g4 Bg6
16.b3 h5 17.gxh5 Bxh5 18.Bb2 Bxd4 19.Bxd4 Ne4 20.Qc1 Bxf3 21.Bxf3 Nxd4 22.exd4 Rc8
23.Qd1 Rc6 24.Bg2 Rg6 25.f4 Qh4 26.Rf3 Ng3 27.f5 Rg5 28.Qd2 Re2 29.Rf4 Rxg2+  0-1

[Event "11th Liberec Open"]
[Site "Liberec CZE"]
[Date "2010.10.30"]
[Round "9"]
[White "Kool,G"]
[Black "Nemcova,Kat"]
[Result "1/2-1/2"]
[WhiteElo "2103"]
[BlackElo "2283"]

1.c4 e5 2.g3 Nf6 3.Bg2 Nc6 4.Nc3 g6 5.Nf3 Bg7 6.O-O O-O 7.d3 d6 8.Bg5 h6
9.Bxf6 Qxf6 10.Nd5 Qd8 11.Rb1 a5 12.Qd2 Be6 13.Rfc1 Qd7 14.Ne1 f5 15.e3 Qf7
16.Nc2 Nd8 17.b3 c6 18.Nc3 f4 19.exf4 exf4 20.Re1 g5 21.Ne4 Qd7 22.d4 f3
23.Bf1 Bh3 24.Bd3 Ne6 25.d5 Nd8 26.c5 cxd5 27.Nxd6 Ne6 28.Bb5 Qc7  1/2-1/2

[Event "Chigorin Mem Classic Open"]
[Site "St Petersburg RUS"]
[Date "2010.10.30"]
[Round "3"]
[White "Zhilchikov,N"]
[Black "Mokshanov,A"]
[Result "0-1"]
[WhiteElo "2060"]
[BlackElo "2271"]

1.c4 e5 2.g3 Nf6 3.Bg2 d5 4.cxd5 Nxd5 5.Nf3 Nc6 6.d3 Be7 7.O-O O-O 8.Nc3 Nb6
9.a3 Be6 10.b4 a6 11.Bb2 f6 12.Rc1 Qd7 13.Re1 a5 14.b5 Nd4 15.Nxd4 exd4 16.Ne4 Qxb5
17.Bxd4 Bxa3 18.Rxc7 Nd5 19.Nc3 Nxc3 20.Bxc3 Rfb8 21.Qb1 Bb3 22.Rd7 a4 23.Rd5 Qa6
24.Qa1 Bf8 25.Ra5 Qb6 26.Rxa8 Rxa8 27.Rb1 Qa6 28.e4 Rc8 29.Bh3 Rc7 30.Bf1 Qc6
31.Bb2 b5 32.e5 fxe5 33.Bxe5 Rf7 34.d4 Qf3 35.Bg2 Qxf2+ 36.Kh1 Qd2 37.Bf4 Qd3
38.Re1 Rd7 39.Be5 a3 40.Kg1 a2 41.Be4 Qd2 42.Bc6 Bd5 43.Bxd5+ Rxd5 44.Rf1 Rxe5  0-1

[Event "Chigorin Mem Classic Open"]
[Site "St Petersburg RUS"]
[Date "2010.10.30"]
[Round "3"]
[White "Pogosian,Vl"]
[Black "Ulko,J"]
[Result "1-0"]
[WhiteElo "2199"]
[BlackElo "2451"]

1.c4 e5 2.g3 d6 3.Bg2 f5 4.Nc3 Nf6 5.d3 Be7 6.Rb1 O-O 7.e3 a5 8.a3 Na6 9.Nge2 c6
10.O-O Be6 11.f4 Qd7 12.b4 axb4 13.axb4 Rab8 14.b5 Nc5 15.Na4 e4 16.Nd4 d5
17.Nxc5 Bxc5 18.Nxe6 Qxe6 19.d4 Be7 20.c5 b6 21.bxc6 bxc5 22.Rxb8 Rxb8 23.dxc5 Qxc6
24.Bh3 g6 25.g4 fxg4 26.Bxg4 Nxg4 27.Qxg4 Bxc5 28.f5 Rb1 29.Qg5 Bb6 30.f6 Kf7
31.Qh6 Qe8 32.Qxh7+ Ke6 33.Qh3+ Kf7 34.Qh7+ Ke6 35.f7 Qf8 36.Qh3+ Ke5 37.Qg3+ Ke6
38.Qg4+ Ke5 39.Qxg6  1-0

[Event "14th OIBM"]
[Site "Bad Wiessee GER"]
[Date "2010.10.31"]
[Round "3.10"]
[White "Loew,Gera"]
[Black "Ovsejevitsch,S"]
[Result "1/2-1/2"]
[WhiteElo "2263"]
[BlackElo "2597"]

1.c4 e5 2.g3 Nc6 3.Bg2 g6 4.Nc3 Bg7 5.e4 d6 6.Nge2 f5 7.d3 Nge7 8.O-O O-O
9.Nd5 Be6 10.Be3 Qd7 11.Qd2 Rf7 12.f3 Raf8 13.Rae1 Nc8 14.exf5 Bxf5 15.d4 Bh3
16.b3 Bxg2 17.Kxg2 Re8 18.Bg1 a6 19.dxe5 dxe5 20.Rd1 Rd8 21.Qg5 Qf5 22.Be3 Rdf8
23.Qxf5 gxf5 24.f4 Re8 25.Rd2 Nd6 26.fxe5 Ne4 27.Rc2 Nxe5 28.Bg1 Ng6 29.Nd4 c6
30.Nf4 Be5 31.Nde2 Rd7 32.Nh5 Rf8 33.Be3 Rd3 34.Bh6 Rf7 35.Bf4 Nxf4+ 36.Nhxf4 Rd6
37.c5 Rdd7 38.Rf3 a5 39.Nd3 Bg7 40.Nef4 Rfe7 41.Re3 Nc3 42.Rxe7 Rxe7 43.Nc1 Kf7
44.Nce2 Ne4 45.Rc4 Re5 46.Nd3 Rd5 47.Nef4 Rd4 48.Rc2 Bh6 49.Rc4 Rxc4 50.Ne5+ Kf6
51.Nxc4 a4 52.Nd3 Nc3  1/2-1/2

[Event "14th OIBM"]
[Site "Bad Wiessee GER"]
[Date "2010.10.31"]
[Round "3.4"]
[White "Eichhorn,An"]
[Black "Turov,M"]
[Result "1-0"]
[WhiteElo "2321"]
[BlackElo "2639"]

1.c4 e5 2.g3 Nc6 3.Nc3 f5 4.Nf3 Nf6 5.d4 e4 6.Nh4 d5 7.Bg5 Be7 8.e3 O-O 9.Ng2 Ng4
10.cxd5 Bxg5 11.dxc6 bxc6 12.Bc4+ Kh8 13.h3 Nf6 14.Qa4 c5 15.dxc5 Qe7 16.c6 a5
17.O-O-O Rb8 18.Qxa5 Rb6 19.Kb1 Rxc6 20.Rd4 Nd7 21.Nd5 Qe5 22.Bb3 Rc5 23.Qd2 c6
24.h4 Bd8 25.Nc3 Bf6 26.Nf4 Nb6 27.h5 Bg5 28.Rd8 Qe7 29.Ng6+ hxg6 30.hxg6+ Bh6
31.Rxh6+ gxh6 32.Qd4+  1-0

[Event "VII Open"]
[Site "Figueira da Foz POR"]
[Date "2010.11.02"]
[Round "4.7"]
[White "Rotstein,A"]
[Black "Marques,R"]
[Result "1-0"]
[WhiteElo "2542"]
[BlackElo "2119"]

1.g3 e5 2.c4 c6 3.d4 e4 4.Nc3 d5 5.cxd5 cxd5 6.Qb3 Nc6 7.Qxd5 Qxd5 8.Nxd5 Nxd4
9.Nc7+ Kd8 10.Nxa8 Nc2+ 11.Kd1 Nxa1 12.Bf4 Be6 13.b3 Nxb3 14.axb3 Bxb3+ 15.Kc1 Bd5
16.e3 Bc6 17.Bh3 b6 18.Nc7 g5 19.Ne6+ fxe6 20.Be5 g4 21.Bf1  1-0

[Event "Chigorin Mem Classic Open"]
[Site "St Petersburg RUS"]
[Date "2010.11.02"]
[Round "6"]
[White "Vafin,A"]
[Black "Ivanov,Mir"]
[Result "0-1"]
[WhiteElo "2129"]
[BlackElo "2027"]

1.c4 e5 2.g3 Nf6 3.Bg2 Be7 4.Nc3 O-O 5.e3 c6 6.d4 exd4 7.Qxd4 d6 8.Nge2 Na6
9.O-O Nb4 10.Rb1 Bd7 11.e4 Bg4 12.a3 Bxe2 13.Nxe2 c5 14.Qd1 Nc6 15.Nc3 a6
16.f4 Re8 17.Qd3 Nd7 18.Nd5 Bf6 19.Nxf6+ Qxf6 20.e5 Qe6 21.Bd5 Qh3 22.Bxc6 bxc6
23.Qxd6 Nf6 24.Qxc6 Rad8 25.Qg2 Qf5 26.Be3 Rd3 27.Bxc5 Ne4 28.Bb4 Red8 29.Rbe1 Nxg3
30.hxg3 Qg4 31.Kh2 Qh5+ 32.Kg1 Qg4 33.Kf2 h5 34.Re2 h4 35.e6 fxe6 36.Rfe1 h3
37.Qh2 Rf3+ 38.Kg1 Rxg3+ 39.Kf1 Qxf4+ 40.Rf2 Qxc4+ 41.Ree2 Rd1+ 42.Be1 Rxe1+  0-1

[Event "Chigorin Mem Classic Open"]
[Site "St Petersburg RUS"]
[Date "2010.11.02"]
[Round "6"]
[White "Ulanov,A"]
[Black "Sanzhaev,D"]
[Result "1-0"]
[WhiteElo "2353"]
[BlackElo "2151"]

1.c4 e5 2.g3 Nf6 3.Bg2 d5 4.cxd5 Nxd5 5.Nc3 Nb6 6.Nf3 Nc6 7.O-O Be7 8.Rb1 a5
9.b3 O-O 10.Bb2 Be6 11.d3 Qd7 12.Nd2 Nd5 13.Nc4 f6 14.Nxd5 Bxd5 15.Bxd5+ Qxd5
16.e4 Qd7 17.Qe2 Rfd8 18.Rfd1 Bc5 19.Bc3 Bd4 20.Bd2 b5 21.Ne3 Bxe3 22.Bxe3 a4
23.bxa4 Rxa4 24.Qc2 Na5 25.Rbc1 Rc8 26.Bb6 c6 27.Qc3 Ra8 28.Rd2 Ra6 29.Bxa5 R6xa5
30.Qb3+ Kh8 31.Rdc2 Ra8 32.Rxc6 h6 33.Rc7 Qe8 34.R1c2 R4a7 35.Qd5 Rxc7 36.Rxc7 Rb8
37.Kg2 b4 38.Qd6 Qf8 39.Qc6 Qe8 40.Qc2 Qg8 41.Rc4 Qe6 42.h4 Qe8 43.Qb3 Qf8
44.Kf1 Qd6 45.Ke2 Qb6 46.a3 Qe6 47.Kf1 f5 48.exf5 Qxf5 49.Rxb4 Rf8 50.Qc2 Qf3
51.Kg1 Rd8 52.Rb3 Qg4 53.Kg2 Rf8 54.Rc3 Rd8 55.Rc5 Qf5 56.Rc3 Qg4 57.a4 Ra8
58.Rc4 Qd7 59.Qe2 Rf8 60.Qxe5 Qxd3  1-0

[Event "14th OIBM"]
[Site "Bad Wiessee GER"]
[Date "2010.11.03"]
[Round "5.15"]
[White "Carlstedt,J"]
[Black "Hertneck,G"]
[Result "0-1"]
[WhiteElo "2376"]
[BlackElo "2541"]

1.c4 e5 2.g3 Nf6 3.Bg2 d5 4.cxd5 Nxd5 5.Nc3 Nb6 6.Nf3 Nc6 7.O-O Be7 8.a3 O-O
9.b4 Re8 10.d3 Bf8 11.Bb2 a5 12.b5 Nd4 13.Nd2 c6 14.bxc6 Nxc6 15.Rc1 a4 16.Nce4 Re6
17.h4 Rh6 18.Nf3 Ra5 19.Rb1 f5 20.Neg5 Rf6 21.Qd2 h6 22.Bc3 Rc5 23.Qa2+ Nd5
24.e4 Rxc3 25.exd5 Rxa3 26.Qc2 Nb4 27.Qc4 b5 28.Qc1 Nxd3 29.Qd2 hxg5 30.hxg5 Rb6
31.Qa5 Rb3 32.g6 Bb4 33.Qa7 Rxg6  0-1

[Event "Chigorin Mem Classic Open"]
[Site "St Petersburg RUS"]
[Date "2010.11.03"]
[Round "7"]
[White "Maevsky,N"]
[Black "Naumenko,O"]
[Result "1-0"]
[WhiteElo "2302"]
[BlackElo "2124"]

1.c4 e5 2.g3 Nc6 3.Nc3 f5 4.Bg2 Nf6 5.e3 Bb4 6.Nd5 O-O 7.a3 Be7 8.Ne2 a5
9.d4 d6 10.O-O Kh8 11.Nec3 Nxd5 12.cxd5 Nb8 13.dxe5 dxe5 14.e4 Bd6 15.exf5 Bxf5
16.Be3 Nd7 17.Ne4 Qe8 18.Rc1 Qg6 19.Ng5 e4 20.Qa4 Rae8 21.Ne6 Bxe6 22.dxe6 Qxe6
23.Rc4 Nf6 24.Bg5 Qf5 25.Bxf6 b5 26.Qxa5 Rxf6 27.Rxe4 Rxe4 28.Qa8+ Rf8 29.Qxe4 Qf6
30.Qe2 Be5 31.b3 Bd6 32.a4 Bc5 33.Qxb5 Bxf2+ 34.Kh1 Qb6 35.Qh5 Qd4 36.Qe2 g6
37.b4 h5 38.Qc2 h4 39.Qxg6 hxg3 40.Be4 Qd7 41.Qh5+ Kg8 42.Bd5+ Kg7 43.Qg5+ Kh7
44.Be4+ Kh8 45.Qh6+ Kg8 46.hxg3 Rf6 47.Qg5+ Kf7 48.Bd5+ Ke8 49.Kg2  1-0

[Event "Chigorin Mem Classic Open"]
[Site "St Petersburg RUS"]
[Date "2010.11.03"]
[Round "7"]
[White "Irinchinov,V"]
[Black "Androsov,S"]
[Result "0-1"]
[WhiteElo "1962"]
[BlackElo "2088"]

1.c4 e5 2.g3 Nf6 3.Bg2 Bc5 4.Nc3 a6 5.d3 h6 6.Nf3 d6 7.O-O Nc6 8.a3 Nd4 9.e3 Nxf3+
10.Bxf3 O-O 11.d4 Ba7 12.b4 Rb8 13.Bb2 Qe7 14.dxe5 dxe5 15.Qc2 Re8 16.Ne4 Nxe4
17.Bxe4 Bg4 18.Bf5 Qg5 19.Bxg4 Qxg4 20.c5 b6 21.c6 Rbd8 22.Rfd1 Qe6 23.Rxd8 Rxd8
24.a4 Rd5 25.b5 Qd6 26.Qb3 Rd3 27.Qc4 Kf8 28.Qe4 f6 29.Qc4 Qd5 30.Qb4+ Kf7
31.Ba3 Qc5 32.Qb2 Qc4 33.Qb4 Qxb4 34.Bxb4 g6 35.Kf1 Ke6 36.Ke2 e4 37.Bf8 h5
38.h3 Rb3 39.Ra3 Rxa3 40.Bxa3 axb5 41.axb5 Kd5 42.g4 hxg4 43.hxg4 Kc4 44.Kd2 Kxb5
45.Kc3 Kxc6 46.Kd4 Kd7 47.Kxe4 Ke6 48.f3 b5 49.Kd3 c5 50.e4 Bb6 51.f4 c4+
52.Kc3 Bc7 53.f5+ gxf5 54.exf5+ Ke5 55.Be7 Ba5+ 56.Kc2 Kf4 57.g5 Kxg5  0-1

[Event "TCh-NOR Attack-serien 2010-11"]
[Site "Oslo NOR"]
[Date "2010.11.05"]
[Round "1"]
[White "Leer Salvesen,B"]
[Black "Kockum,A"]
[Result "1-0"]
[WhiteElo "2360"]
[BlackElo "2322"]

1.c4 e5 2.g3 f5 3.Bg2 Nf6 4.Nc3 Nc6 5.Rb1 a5 6.a3 g6 7.d3 Bg7 8.Nf3 O-O 9.O-O d6
10.b4 axb4 11.axb4 h6 12.b5 Ne7 13.c5 Be6 14.b6 c6 15.Na4 Nd7 16.cxd6 Nc8
17.d4 e4 18.Ne5 Nxe5 19.dxe5 Ra5 20.Be3 Rxe5 21.Nc5 Nxd6 22.Bd4 Bd5 23.Bxe5 Bxe5
24.Qc1 g5 25.Rd1 Qe7 26.Rb4 Ra8 27.e3 Ra1 28.Rb1 Rxb1 29.Qxb1 Nc4 30.Nb3 Na3
31.Qa2 Qb4 32.Rxd5 cxd5 33.Nd4 Qc5 34.Nxf5 Kf8 35.Nxh6 Ke7 36.Qe2 Qxb6 37.Qh5 Qb1+
38.Bf1 Nc4 39.Qxg5+ Kd7 40.Kg2 Qb2 41.Nf7 Ke8 42.Qd8+ Kxf7 43.Qxd5+ Kg7 44.Bxc4 Bf6
45.Qxe4  1-0

[Event "14th OIBM"]
[Site "Bad Wiessee GER"]
[Date "2010.11.07"]
[Round "9.21"]
[White "Carlstedt,J"]
[Black "Hoffmann,Micha1"]
[Result "1/2-1/2"]
[WhiteElo "2376"]
[BlackElo "2510"]

1.c4 e5 2.g3 Nf6 3.Bg2 Nc6 4.Nc3 Bc5 5.a3 a6 6.e3 O-O 7.Nge2 d6 8.h3 Ba7
9.O-O Ne7 10.d4 exd4 11.exd4 h6 12.b4 c6 13.Bf4  1/2-1/2

[Event "TCh-HUN 2010-11"]
[Site "Mako HUN"]
[Date "2010.11.07"]
[Round "2"]
[White "Farkas,Ti"]
[Black "Petran,Pa"]
[Result "0-1"]
[WhiteElo "2259"]
[BlackElo "2348"]

1.c4 e5 2.g3 Nf6 3.Bg2 Nc6 4.Nc3 Bb4 5.Nd5 Bc5 6.a3 d6 7.e3 O-O 8.b4 Bb6
9.Bb2 Nxd5 10.cxd5 Ne7 11.d4 Ng6 12.h4 exd4 13.exd4 Re8+ 14.Kf1 Qf6 15.h5 Ne7
16.Rh4 Bf5 17.Bf3 g5 18.hxg6 Nxg6 19.Rh1 Be4 20.Bxe4 Rxe4 21.Qf3 Qxf3 22.Nxf3 f6
23.Re1 Rae8 24.Rxe4 Rxe4 25.Nd2 Re8 26.Nc4 f5 27.Rh5 f4 28.gxf4 Nxf4 29.Rg5+ Ng6
30.Rg4 Rf8 31.a4 a6 32.Re4 Kf7 33.b5 axb5 34.axb5 Ra8 35.Nxb6 cxb6 36.Re6 Ra5
37.Rxd6 Rxb5 38.Bc3 Nf4 39.Rd7+ Ke8 40.Rxh7 Rb1+ 41.Be1 Nd3 42.Ke2 Nxe1 43.d6 Nc2
44.Kd3 Nb4+ 45.Kc4 Nc6 46.f4 Rb4+ 47.Kc3 b5 48.Rxb7 Rc4+ 49.Kb2 Nxd4 50.f5 Rc6
51.Rb8+ Kd7 52.f6 Rc2+ 53.Ka3 Rf2 54.Rf8 Nc6 55.f7 Rf3+ 56.Kb2 Nd8 57.Rh8 Nxf7  0-1

[Event "TCh-SUI 2010"]
[Site "Switzerland SUI"]
[Date "2010.11.07"]
[Round "9.8"]
[White "Maeser,F"]
[Black "Gloor,Roger"]
[Result "1/2-1/2"]
[WhiteElo "2307"]
[BlackElo "2128"]

1.c4 e5 2.g3 Nf6 3.Bg2 h6 4.Nc3 Bb4 5.Nf3 Nc6 6.O-O O-O 7.Nd5 Bc5 8.d3 d6
9.a3 a5 10.e3 Bg4 11.h3 Bxf3 12.Qxf3 Nxd5 13.cxd5 Ne7 14.b3 c6 15.dxc6 bxc6
16.Qd1 d5 17.Qc2 Bd6 18.Bd2 Qd7 19.b4 axb4 20.axb4 Rab8 21.Ra4 Rb5 22.Rfa1 Rfb8
23.Bc3 Qe6 24.Qd2 Kh7 25.Bf1 R5b6 26.Bg2 Nc8 27.R1a2 Qe7 28.Ra6 Qb7 29.Rxb6 Qxb6
30.Qb2 f6 31.Ra4 Na7 32.Qa2 Nb5 33.Bd2 Qc7 34.h4 Qe7 35.Qc2 Rb6 36.Bh3 Nc7
37.Ra7 Qe8 38.d4+ e4 39.f3 Qg6 40.fxe4 Qxg3+ 41.Bg2 dxe4 42.Qxe4+ Qg6 43.h5 Qxe4
44.Bxe4+ Kg8 45.Bg6 Kf8 46.Kf2 Ke7 47.e4 Kd8 48.Bf5 Ra6 49.Rb7 Ra2 50.Ke3 Ra3+
51.Ke2 Rg3 52.Kf2 Rd3 53.Be3 Rb3 54.Bd2 Rd3 55.Be3 Rb3 56.Bd2 Rd3 57.Be3  1/2-1/2

[Event "Russia Cup Final KO"]
[Site "Belgorod RUS"]
[Date "2010.11.15"]
[Round "5.1"]
[White "Timofeev,Arty"]
[Black "Andriasian,Z"]
[Result "1/2-1/2"]
[WhiteElo "2681"]
[BlackElo "2585"]

1.c4 e5 2.g3 Nc6 3.Bg2 Nf6 4.Nc3 Bb4 5.Nd5 Bc5 6.e3 O-O 7.Ne2 d6 8.O-O Re8
9.d4 Bb6 10.Nxb6 axb6 11.d5 Ne7 12.e4 Ng6 13.Nc3 Bg4 14.Qc2 Qd7 15.a4 Bh3
16.f3 h6 17.b4 Bxg2 18.Kxg2 Nh7 19.Be3 Rf8 20.c5 bxc5 21.bxc5 f5 22.exf5 Rxf5
23.c6 bxc6 24.dxc6 Qf7 25.Nd5 Rf8 26.Qe4 Ne7 27.Nxe7+ Qxe7 28.Qc4+ Kh8 29.a5 d5
30.Qc5 Qf7 31.a6 d4 32.a7 dxe3 33.a8=Q e2 34.Qaxf8+ Nxf8 35.Rf2 Ne6 36.Qe3 Nd4
37.Qe4 Qg6 38.Re1 Kh7 39.Rexe2 Nxe2 40.Rxe2 Rf6 41.Qxg6+ Kxg6 42.Rxe5 Rxc6
43.g4 Kf7 44.Kg3 Re6 45.Rc5 c6 46.f4 Rd6 47.f5 g6 48.fxg6+ Kxg6 49.h4 Rd3+
50.Kf4 Rd4+ 51.Kg3 Rd3+ 52.Kf4 Rd4+ 53.Kg3  1/2-1/2

[Event "TCh-NED"]
[Site "Netherlands NED"]
[Date "2010.11.20"]
[Round "3.4"]
[White "Van Haastert,E"]
[Black "Smeets,J"]
[Result "0-1"]
[WhiteElo "2419"]
[BlackElo "2669"]

1.c4 e5 2.g3 Nf6 3.Bg2 d5 4.cxd5 Nxd5 5.Nc3 Nb6 6.Nf3 Nc6 7.O-O Be7 8.a3 Be6
9.b4 a5 10.b5 Nd4 11.Rb1 f6 12.Nxd4 exd4 13.Na4 Ba2 14.Ra1 Bd5 15.Nxb6 cxb6
16.e4 dxe3 17.dxe3 Bxg2 18.Kxg2 Qxd1 19.Rxd1 a4 20.Rd4 Bc5 21.Rc4 Kf7 22.Kf3 Rhc8
23.Ra2 Be7 24.Rac2 Rc5 25.Rxc5 bxc5 26.Bd2 Ke6 27.e4 c4 28.Bc1 Rc8 29.Ke3 Bc5+
30.Ke2 Bd4 31.Bd2 f5 32.Be3 Ba1 33.exf5+ Kxf5 34.f3 Bf6 35.Kd2 Ke6 36.Kc1 c3
37.Re2 Kd5 38.Kc2 Re8 39.Kd3 Bd4  0-1

[Event "4th South Bohemia Open"]
[Site "Cesky Krumlov CZE"]
[Date "2010.11.23"]
[Round "3"]
[White "Ivanovic,Mir"]
[Black "Nemcova,Kat"]
[Result "1-0"]
[WhiteElo "2174"]
[BlackElo "2287"]

1.c4 e5 2.g3 Nc6 3.Nc3 g6 4.Bg2 Bg7 5.d3 d6 6.Rb1 a5 7.a3 f5 8.b4 axb4 9.axb4 Nf6
10.b5 Ne7 11.Qb3 h6 12.Nf3 Be6 13.O-O O-O 14.Ba3 g5 15.Ra1 Qd7 16.Bb2 Rab8
17.Ra7 Kh8 18.Nd2 c6 19.bxc6 Nxc6 20.Ra2 g4 21.Qb6 Rfc8 22.Nd5 Qf7 23.e4 Qg6
24.Nxf6 Bxf6 25.exf5 Bxf5 26.Ne4 Bg7 27.Bc3 Qe6 28.Qb5 Rc7 29.Rfa1 Rcc8 30.Rb1 Rd8
31.Rab2 Qc8 32.Qd5 Ne7 33.Qf7 Qc7 34.Rb6 Bg6 35.Qe6 Bf5 36.Qf7 d5 37.cxd5 Rxd5
38.Bd2 Rf8 39.Qh5 Bg6 40.Rxg6 Nxg6 41.Qxg6 Qf7 42.Qxg4 Rxd3 43.Be3 Rfd8 44.h4 Qe7
45.Kh2 Qf7 46.Nc5 Rxe3 47.fxe3 h5 48.Qg5 Rd2 49.Rxb7  1-0

[Event "XXIII Belgrade Trophy"]
[Site "Obrenovac SRB"]
[Date "2010.11.30"]
[Round "7.43"]
[White "Djurdjevic,P2"]
[Black "Radosavljevic,SD"]
[Result "1/2-1/2"]
[WhiteElo "1938"]
[BlackElo "2248"]

1.c4 e5 2.g3 Nf6 3.Nc3 Bb4 4.Bg2 O-O 5.Qb3 a5 6.a3 Bxc3 7.Qxc3 Nc6 8.e3 Re8
9.Ne2 e4 10.d4 a4 11.Qc2 d6 12.Nc3 Bf5 13.Nxa4 Qd7 14.b3 h5 15.Bb2 h4 16.h3 Bg6
17.O-O-O Ra5 18.Bc3 Rg5 19.g4 b5 20.cxb5 Rxb5 21.Bf1 Rbb8 22.Bc4 Nh7 23.b4 Ng5
24.Bb3 Kh7 25.Bb2 Ne7 26.Nc3 d5 27.Na4 c6 28.Bc3 Qa7 29.Kb2 f6 30.Ra1 Nc8
31.Qe2 Nf3 32.Nc5 Nd6 33.a4 Bf7 34.Rhb1 Kg8 35.Kc1 Ng5 36.Qf1 Ne6 37.Qe2 Ng5
38.Qf1 Qe7 39.Bd1 Rec8 40.Be2 Nc4 41.Kc2 Qd6 42.Qh1 Bg6 43.Qg2 Nf3 44.Rh1 Rf8
45.Qf1 Bf7 46.Qg2 Ng5 47.Rhg1 Rfe8 48.Rh1 Re7 49.Rhb1 Ra7 50.Be1 Rba8 51.Bc3 Qe7
52.Rg1 Qd8 53.Kc1  1/2-1/2

[Event "Channukah Closed"]
[Site "Haifa ISR"]
[Date "2010.12.01"]
[Round "1.2"]
[White "Aharon,O"]
[Black "Gofshtein,L"]
[Result "1/2-1/2"]
[WhiteElo "2264"]
[BlackElo "2513"]

1.c4 e5 2.g3 d6 3.Bg2 f5 4.Nc3 Nf6 5.d3 Be7 6.Nf3 O-O 7.O-O Kh8 8.Rb1 Qe8
9.b4 Qh5 10.Nd2 f4 11.e3 Bg4 12.Bf3 Nbd7 13.Nd5 Bxf3 14.Qxf3 Qxf3 15.Nxf3 Nxd5
16.cxd5 g5 17.Bb2 g4 18.Ne1 fxe3 19.fxe3 a5 20.Rc1 Bg5 21.Rxf8+ Rxf8 22.Ng2 Nb6
23.Nf4 Kg8 24.Rxc7 Bh6 25.bxa5 Na4 26.Ba3 exf4 27.gxf4 Ra8 28.Bxd6 Rxa5 29.e4 Nb2
30.Rc8+ Kf7 31.Rc7+ Kg8 32.Rc8+ Kf7 33.Rc7+ Kg8 34.Rc8+  1/2-1/2

[Event "TCh-CZE 2010-11"]
[Site "Czech Rep CZE"]
[Date "2010.12.05"]
[Round "4.7"]
[White "Cvek,R"]
[Black "Walek,M"]
[Result "1/2-1/2"]
[WhiteElo "2488"]
[BlackElo "2381"]

1.c4 e5 2.g3 Nf6 3.Bg2 d6 4.Nc3 g6 5.e4 Bg7 6.Nge2 O-O 7.O-O Be6 8.d3 Qd7
9.f4 Bh3 10.f5 Bxg2 11.Kxg2 c6 12.Bg5 Qc7 13.Ng1 Nbd7 14.g4 Rfe8 15.Bxf6 Nxf6
16.Qf3 Rad8 17.g5 Nh5 18.f6 Bf8 19.Nge2 a6 20.a4 d5 21.cxd5 Bb4 22.dxc6 bxc6
23.Nd1 Rd7 24.Nf2 Bc5 25.Ng4 Qb6 26.Rac1 Bf8 27.Kh1 Qxb2 28.Nf2 Rd6 29.Rb1 Qd2
30.Rg1 Red8 31.Rbd1 Qa5 32.Ng4 Re6 33.d4 exd4 34.Nxd4 Red6 35.Nf5 Rxd1 36.Nfh6+ Bxh6
37.Nxh6+ Kf8 38.Rxd1 Ke8 39.Rxd8+ Qxd8 40.Qb3 Qc7 41.Nxf7 Nf4 42.Nh6 Qe5
43.Qg8+ Kd7 44.Qd8+ Kxd8 45.Nf7+ Kd7 46.Nxe5+ Kd6 47.Nf7+ Kd7 48.h4 Ne6 49.a5 c5
50.Kg2 Kc6 51.Ne5+ Kb5 52.f7 Nf8 53.Kf2 Kxa5 54.Nd3 Kb5 55.Ke3 Kc6 56.Kd2 Kd6
57.Kc3  1/2-1/2

[Event "Channukah Closed"]
[Site "Haifa ISR"]
[Date "2010.12.05"]
[Round "5.4"]
[White "Axelrod,A"]
[Black "Gofshtein,L"]
[Result "0-1"]
[WhiteElo "2386"]
[BlackElo "2513"]

1.c4 e5 2.g3 Nf6 3.Bg2 c6 4.Nf3 e4 5.Nd4 d5 6.cxd5 Qxd5 7.Nc2 Qh5 8.h3 Qg6
9.Nc3 Bd6 10.Ne3 O-O 11.O-O Re8 12.d4 exd3 13.exd3 Na6 14.d4 Be6 15.g4 h5
16.g5 Qxg5 17.Ned5 Qg6 18.Nxf6+ gxf6 19.Kh1 Kh8 20.Rg1 Rg8 21.Ne4 Bxh3 22.Nxd6 Bxg2+
23.Kh2 Rg7 24.Qd2 Rag8 25.Qf4 Nb4 26.Nf5 Nd5 27.Qh6+ Rh7 28.Qxg6 fxg6 29.Nh6 Rgg7
30.Kxg2 Ne7 31.Rh1 Nd5 32.Bd2 Rd7 33.Rae1 Kg7 34.Kf3 Rxh6 35.Bxh6+ Kxh6 36.Re6 g5
37.Re8 h4 38.Rhe1 Kg6 39.Ke4 Nf4 40.Rd1 f5+ 41.Kf3 Nh5 42.Re6+ Kg7 43.Rg1 g4+
44.Ke3 h3 45.Re5 Kg6 46.Rh1 Kg5 47.Rg1 Rd5 48.Re8 f4+ 49.Ke4 Kh4 50.Rh1 g3
51.Kf3 g2  0-1

[Event "17th Open A"]
[Site "Zadar CRO"]
[Date "2010.12.13"]
[Round "3.11"]
[White "Cebalo,M"]
[Black "Feletar,D"]
[Result "1-0"]
[WhiteElo "2495"]
[BlackElo "2381"]

1.c4 e5 2.g3 Nc6 3.Bg2 Bc5 4.Nc3 d6 5.e3 Bf5 6.d3 Nf6 7.a3 a6 8.Nge2 Ba7
9.b4 Qc8 10.h3 Ne7 11.Bb2 Be6 12.Rc1 O-O 13.Qd2 Rd8 14.Ne4 Nxe4 15.Bxe4 f6
16.Qc2 h6 17.Bg2 c6 18.d4 Qd7 19.c5 exd4 20.Nxd4 d5 21.Nxe6 Qxe6 22.O-O Bb8
23.e4 dxe4 24.Bxe4 Qxh3 25.Rfe1 Kh8 26.Bg2 Qd7 27.Rcd1 Qe8 28.Re6 Be5 29.Bxe5 fxe5
30.Re1 Qf7 31.R1xe5 Ng8 32.Qe2 Rf8 33.Be4 Rad8 34.Kg2 Rde8 35.Bg6 Rxe6 36.Rxe6 Qd7
37.Rd6 Qc8 38.Bc2 Nf6 39.Qd3 Kg8 40.Qg6 h5 41.Bf5 Qb8 42.Be6+ Kh8 43.Rd7  1-0

[Event "Moscow Teams"]
[Site "Moscow RUS"]
[Date "2010.12.15"]
[Round "5"]
[White "Skorodumov,Vladimir"]
[Black "Novichkov,Val"]
[Result "1-0"]
[WhiteElo "2153"]
[BlackElo "2377"]

1.c4 e5 2.g3 Nf6 3.Bg2 Nc6 4.Nf3 Bc5 5.O-O d6 6.Nc3 O-O 7.d3 h6 8.a3 a6 9.b4 Ba7
10.Bb2 Re8 11.Nd2 Rb8 12.Rc1 Nd4 13.h3 Be6 14.Kh2 c6 15.Nce4 Nxe4 16.dxe4 Bd7
17.e3 Ne6 18.c5 dxc5 19.Bxe5 Ra8 20.Nc4 cxb4 21.axb4 Nc7 22.Bb2 Nb5 23.e5 Be6
24.Qe2 Qe7 25.f4 Qxb4 26.f5 Bxc4 27.Rxc4 Qb3 28.e6 Qxe3 29.exf7+ Kxf7 30.Qh5+ Kg8
31.f6 Rf8 32.Re4 Qg5 33.f7+ Kh7 34.Qe2 Rad8 35.Rg4 Rd2 36.Qe4+ g6 37.Rxg5 hxg5
38.Qe7 Rdd8 39.Qxg5 Bd4 40.Bxd4 Nxd4 41.Rf6  1-0

[Event "17th Open A"]
[Site "Zadar CRO"]
[Date "2010.12.16"]
[Round "7.24"]
[White "Titz,Hei"]
[Black "Franic,M"]
[Result "0-1"]
[WhiteElo "2203"]
[BlackElo "2387"]

1.c4 e5 2.g3 d6 3.Bg2 Nf6 4.Nc3 c6 5.Nf3 Be7 6.O-O Nbd7 7.d4 Qc7 8.Qc2 a6
9.Rd1 O-O 10.h3 Re8 11.dxe5 dxe5 12.Be3 b6 13.a3 Bb7 14.b4 a5 15.Qb3 h6 16.Rac1 axb4
17.axb4 Nf8 18.Nh4 Rab8 19.Nf5 Bc8 20.Nxe7+ Rxe7 21.b5 c5 22.Nd5 Nxd5 23.cxd5 Qd6
24.f3 Ra8 25.Bf2 Rea7 26.Qd3 Bd7 27.Be1 Ra3 28.Qb1 Ng6 29.Rc3 Ra2 30.Kf1 Ne7
31.Rb3 Nf5 32.e3 c4 33.Rc3 Qc5 34.Bf2 Nd6 35.Rc2 Rxc2 36.Qxc2 c3 37.Kg1 Bxb5
38.e4 Qa3 39.Rc1 Rc8 40.Be3 Ba4 41.Qd3 b5 42.Bf1 b4 43.Rb1 b3  0-1

[Event "Moscow Teams"]
[Site "Moscow RUS"]
[Date "2010.12.18"]
[Round "6"]
[White "Gorbatov,A"]
[Black "Glek,I"]
[Result "0-1"]
[WhiteElo "2382"]
[BlackElo "2467"]

1.c4 e5 2.g3 Nf6 3.Bg2 h6 4.Nc3 Bb4 5.Qc2 O-O 6.a3 Bxc3 7.Qxc3 Re8 8.e4 c6
9.Ne2 d5 10.d3 dxe4 11.dxe4 c5 12.b4 Nc6 13.bxc5 Nd7 14.Be3 Qe7 15.f4 Nxc5
16.f5 b6 17.O-O f6 18.Rfd1 Bb7 19.g4 Na5 20.Ng3 Rac8 21.Rab1 Na4 22.Qe1 Nxc4
23.Bc1 Nxa3 24.Rb3 Nc2 25.Qf2 Qc5 26.Nh5 Qxf2+ 27.Kxf2 Nd4 28.Ra3 Rc2+ 29.Kg3 Nc3
30.Rxa7 Re7 31.Ba3 Rxg2+ 32.Kh3 Nxd1 33.Bxe7 Bxe4 34.Nxf6+ gxf6 35.Bxf6 Nf2+
36.Kh4 Rxh2+ 37.Kg3 Rg2+ 38.Kh4 Rxg4+  0-1

[Event "European Rapid Championship"]
[Site "Warsaw POL"]
[Date "2010.12.18"]
[Round "7"]
[White "Romanov,E"]
[Black "Reprintsev,A"]
[Result "1/2-1/2"]
[WhiteElo "2605"]
[BlackElo "2359"]

1.c4 e5 2.g3 Nc6 3.Bg2 d6 4.Nc3 Be6 5.d3 g6 6.Rb1 Bg7 7.b4 Qd7 8.b5 Nd8 9.Nf3 Bh3
10.O-O Bxg2 11.Kxg2 Ne7 12.Ba3 Ne6 13.e3 O-O 14.d4 exd4 15.exd4 Nf5 16.Ne2 a6
17.b6 Rac8 18.d5 Nc5 19.Bxc5 dxc5 20.bxc7 Rxc7 21.Rb6 Nd6 22.Qd3 Nc8 23.Rbb1 b5
24.Nd2 Nd6 25.Rfc1 Re8 26.Nc3 b4 27.Nce4 Nf5 28.Re1 a5 29.Nb3 Rxe4 30.Rxe4 a4
31.Na5 Nd4 32.Rbe1 Bf6 33.Rf4 Kg7 34.Qe4 Qd6 35.Qe8 Qb6 36.Nc6 Nxc6 37.dxc6 Qxc6+
38.Qxc6 Rxc6 39.Rfe4 Rd6 40.R1e2 Bc3 41.Rc2 f5 42.Re7+ Kf6 43.Ra7 a3 44.Rxa3 bxa3
45.Rxc3 Rd4 46.h4 f4 47.g4 h5 48.g5+ Ke5 49.Kf3 Rd2 50.Rxa3 Rc2 51.Ra6 Rc3+
52.Ke2 f3+ 53.Kd2 Rxc4 54.Rxg6 Rxh4 55.Ke3 Ra4 56.Kxf3 Kf5 57.Rg8 Ra3+ 58.Kg2 Rxa2
59.Kg3 Ra3+ 60.Kh4 c4 61.Rf8+ Kg6 62.Rf6+ Kg7 63.f4 c3 64.f5 Ra4+ 65.Kxh5 Rc4
66.Rg6+ Kf7 67.Rf6+ Kg7 68.Rg6+ Kf7 69.Rf6+ Kg7 70.Rg6+ Kf7 71.Ra6 c2 72.g6+ Ke8
73.g7 Kf7 74.Ra7+ Kg8 75.Kg6 Rc5  1/2-1/2

[Event "19th Donau Open"]
[Site "Aschach AUT"]
[Date "2010.12.30"]
[Round "6"]
[White "Neff,G"]
[Black "Sandhoefner,F"]
[Result "1/2-1/2"]
[WhiteElo "2149"]
[BlackElo "2243"]

1.c4 e5 2.g3 Nf6 3.Bg2 d5 4.cxd5 Nxd5 5.Nf3 Nc6 6.O-O Be7 7.d4 exd4 8.Nxd4 Nxd4
9.Qxd4 Nf6 10.Qxd8+ Bxd8 11.Nc3 O-O 12.Bf4 c6 13.e4 Be6 14.Bd6 Re8 15.e5 Nd7
16.Rfd1 f6 17.exf6 Bxf6 18.Ne4 Bd5 19.Bf4 Bxe4 20.Bxe4 Rxe4 21.Rxd7 Bxb2
22.Rb1 Re2 23.Rd2 Rxd2 24.Bxd2 Bd4  1/2-1/2